El Cardenal Vives y Tutó de la Orden de Frailes Menores Capuchinos

Gespeichert in:
Bibliographische Detailangaben
1. Verfasser: Barcelona, Antonio de María de (VerfasserIn)
Format: Buch
Sprache:Spanisch
Veröffentlicht: Barcelona Librería Católica Internacional 1916
Schlagworte:
Tags: Tag hinzufügen
Keine Tags, Fügen Sie den ersten Tag hinzu!

MARC

LEADER 00000nam a2200000 a 4500
001 UCI4818
003 CL-VaPUC
008 080307e19160000SP |||||||||||||||||spa|d
082 0 4 |a 922.2  |b BAR  |2 21 
100 0 |a Barcelona, Antonio de María de  |e author  |9 526866 
245 1 3 |a El Cardenal Vives y Tutó de la Orden de Frailes Menores Capuchinos 
300 |a 515 p 
942 |c BK 
945 |d 20080307 00:00:00  |a rbrito 
260 |a Barcelona  |b Librería Católica Internacional  |c 1916 
500 |a Donación padres capuchinos 
600 0 7 |a VIVES TUTO, JOSE  |2 CL-VaPUC  |9 526867 
650 0 |a Biografías  |9 255210 
650 0 |a Vida religiosa  |9 257284 
650 7 |a CAPUCHINOS  |2 CL-VaPUC  |9 404279 
583 |a last modification  |c 20080307 00:00:00  |k Rodrigo Vera 
999 |c 328665  |d 328663 
952 |0 0  |1 0  |4 0  |6 922_200000000000000_BAR_1916  |7 0  |8 ?  |9 412735  |a FDOBUD  |b FDOBUD  |d 2019-11-22  |i 4408861  |o 922.2 BAR 1916  |p 4408861  |r 2019-11-22  |w 2019-11-22  |y BK  |k BUD